000 00690nam a2200217Ia 4500
003 GCL
008 140319s9999 xx 000 0 ara d
040 _aGCL /
_cGCL
082 0 4 _a811.1
_bا ش
100 1 _aاحمد مختار البرزة
245 1 0 _aشعر زيد الخيل الطائى: جمع ودراسة وتحقيق /
_cاحمد مختار البرزة
260 _a[S.N] :
_bدار المأمون للتراث ،
_c1988
300 _a203 ص
490 _a
650 0 4 _aالشعر العربى
650 0 4 _aالادب العربى
650 0 4 _aالعصر الجاهلى
650 0 4 _aدواوين وقصائد
650 0 4 _aتاريخ ونقد
942 _2ddc
_cBK
999 _c27662
_d27662